000
00316nam a22001337a 4500
020
_a
81-223-0072-3
082
_a
158
_b
KOP/G
100
_a
KOPS,GEORGE
245
_a
GREAT SPEAKERS AREN'T BORN
260
_a
BANGALORE
_b
PUSTHAK MAHAL
300
_a
186
650
_a
PERSONALITY DEVEOPMENT BOOK
_z
BANGALORE
942
_c
BK
999
_c
5410
_d
5410